000 00912nam a2200277Ia 4500
001 Z_430
003 CHAP
008 220113s1984 xx 000 0 und d
010 _a163406
040 _cCHAP
090 _aTesis G 287
100 _aGómez Meza, Herminio Delfino
_949808
245 _aEl efecto de tres niveles de alimentación durante los dos primeros tercios de la gestación sobre la eficiencia reproductiva de la cerda adulta /
_cpor Herminio Delfino Gómez Meza
260 _aChapingo, Méx. :
_bEl autor,
_c1984
300 _a61 h.
502 _aTesis (Ing. Agrónomo Esp. en Zootecnia) -- UACH. Departamento de Zootecnia
650 _aGanado porcino
_xAlimentación
_945329
650 _aGanado porcino
_xFecundidad
_945369
700 _aArellano García, José Abraham
_96905
901 _aTESIS G 287
902 _aM
910 _a1984
942 _c2
942 _c2
999 _c163406
_d163406